[Event "FIDE Disabilities Olym"]
[Site "Belgrade"]
[Date "2023.02.03"]
[Round "?"]
[White "Gomez Fernandez, Alfredo"]
[Black "Zhukovskaya, Nina"]
[Result "1-0"]
[WhiteElo "1760"]
[BlackElo "1474"]
[PlyCount "129"]
[EventDate "2023.01.30"]
[EventType "team-swiss"]
[EventRounds "6"]
[EventCountry "SRB"]
[SourceTitle "CBM 212 Extra"]
[Source "ChessBase"]
[SourceDate "2023.03.31"]
[SourceVersion "1"]
[SourceVersionDate "2023.03.31"]
[SourceQuality "1"]
[WhiteTeam "ICCD"]
[BlackTeam "Kazakhstan"]
[BlackTeamCountry "KAZ"]

1. e4 e6 2. d3 Bc5 3. Nf3 Nc6 4. d4 Bb6 5. c3 d6 6. Bd3 e5 7. d5 Nce7 8. h3 h6 9. a4 a6 10. a5 Ba7 11. Qe2 Bd7 12. Na3 Nf6 13. Be3 Bxe3 14. Qxe3 c6 15. Nc4 Nc8 16. dxc6 Bxc6 17. 0-0 0-0 18. Rfd1 Qe7 19. Bc2 Rd8 20. Ne1 Ne8 21. Qg3 Nf6 22. Qe3 Nh7 23. Nd3 Bb5 24. Na3 Bc6 25. f3 Qc7 26. Nb1 b5 27. Qd2 Ne7 28. Nb4 Bb7 29. Bb3 Nf6 30. Qf2 Qc5 31. Nd2 Qxf2+ 32. Kxf2 d5 33. exd5 Bxd5 34. Nxd5 Nfxd5 35. g3 Kf8 36. Ne4 Rac8 37. Ke2 f5 38. Nf2 Nf6 39. Be6 Rb8 40. Nd3 e4 41. Nc5 exf3+ 42. Kxf3 Ra8 43. Nxa6 Rxd1 44. Rxd1 Rxa6 45. Rd8+ Ne8 46. Bd7 Kf7 47. Bxe8+ Kf6 48. b4 Ke5 49. Bxb5 Ra7 50. Rd7 Nc8 51. Rxa7 Nxa7 52. Bd7 g6 53. b5 Kd6 54. b6 Nc6 55. Bxc6 Kxc6 56. Kf4 Kb7 57. h4 Kc6 58. h5 g5+ 59. Kxf5 Kb7 60. Ke5 Kc6 61. c4 Kb7 62. Kd6 Kb8 63. Kd7 Kb7 64. c5 g4 65. c6+ 1-0

[Event "ESP-ch rapid"]
[Site "Linares"]
[Date "2018.08.19"]
[Round "5"]
[White "Gomez Fernandez, Alfredo"]
[Black "Fernandez Torre, Ivan"]
[Result "0-1"]
[WhiteElo "1827"]
[BlackElo "2128"]
[PlyCount "86"]
[EventDate "2018.08.19"]
[EventType "swiss (rapid)"]
[EventRounds "9"]
[EventCountry "ESP"]
[SourceTitle "CBM 186 Extra"]
[Source "ChessBase"]
[SourceDate "2018.08.24"]
[SourceVersion "1"]
[SourceVersionDate "2018.08.24"]
[SourceQuality "1"]

1. Nf3 Nf6 2. g3 g6 3. Bg2 Bg7 4. 0-0 0-0 5. d3 d6 6. e4 e5 7. Nbd2 h6 8. Re1 c5 9. Nf1 Nc6 10. c3 Be6 11. Ne3 b5 12. Bd2 Qd7 13. a3 a5 14. Rb1 a4 15. h4 Ng4 16. Nh2 Nxe3 17. Bxe3 h5 18. Qd2 Kh7 19. Nf3 f6 20. d4 cxd4 21. cxd4 Na5 22. d5 Bg4 23. Qb4 Rfc8 24. Nh2 Rc4 25. Qd2 Bh3 26. Bh1 Qc7 27. Qd3 Bd7 28. Nf3 Bh6 29. Bxh6 Kxh6 30. Qe3+ Kg7 31. Bg2 Rc8 32. Nd2 Rc2 33. Bf1 Qc5 34. Qd3 Nb3 35. Red1 Bg4 36. Be2 Nd4 37. Bxg4 hxg4 38. Qe3 Nf3+ 39. Nxf3 Qxe3 40. fxe3 gxf3 41. Rf1 Rg2+ 42. Kh1 Rxg3 43. Rg1 Rh3# 0-1